000 00363 a2200157 4500
001 157546
020 _a978-85-209-1992-7
040 _cEscola São Tomás de Aquino
100 _aChen, Da
240 1 0 _aA montanha e o rio
_lpor
245 1 0 _aA montanha e o rio
362 0 _a2007
440 1 _aNova Fronteira
697 _aLiteratura americana
942 _cBK
999 _c157546
_d157546